[Event "IND-ch U15 47th"]
[Site "New Delhi"]
[Date "2022.11.28"]
[Round "1"]
[White "Vaz, Edrick"]
[Black "Vrashank, Chouhan"]
[Result "0-1"]
[WhiteElo "1326"]
[BlackElo "2041"]
[PlyCount "96"]
[EventDate "2022.11.28"]
[EventType "swiss"]
[EventRounds "11"]
[EventCountry "IND"]
[SourceTitle "CBM 211 Extra"]
[Source "ChessBase"]
[SourceDate "2023.01.31"]
[SourceVersion "1"]
[SourceVersionDate "2023.01.31"]
[SourceQuality "1"]

1. e4 e6 2. d4 d5 3. Nd2 c5 4. exd5 Qxd5 5. Ngf3 cxd4 6. Bc4 Qd6 7. 0-0 Nc6 8. Nb3 Nf6 9. Nbxd4 Nxd4 10. Nxd4 a6 11. Re1 Qc7 12. Qe2 Bd6 13. h3 0-0 14. Bg5 Bh2+ 15. Kh1 Bf4 16. Bxf6 gxf6 17. Bd3 f5 18. g4 Qd8 19. c3 Qd5+ 20. f3 fxg4 21. hxg4 Qg5 22. Kg2 h5 23. Rh1 h4 24. Rh3 Rd8 25. Rah1 Bg3 26. Rxg3 hxg3 27. Qe4 Kf8 28. Rh8+ Ke7 29. Nf5+ Kd7 30. Qd4+ Kc7 31. Qc5+ Kb8 32. Qe5+ Ka7 33. Qc5+ b6 34. Qc7+ Bb7 35. Be4 Qd2+ 36. Kxg3 Qe1+ 37. Kh3 Rxh8+ 38. Kg2 Qh1+ 39. Kf2 Qh2+ 40. Qxh2 Rxh2+ 41. Kg3 Rxb2 42. Bxb7 Kxb7 43. Nd6+ Kc6 44. Nxf7 Rxa2 45. g5 Rc2 46. g6 Rg8 47. Kf4 Kd5 48. Kg5 Rg2+ 0-1